000 00448nam a22001577a 4500
005 20251108170011.0
008 250721s1979 xx 000 0 ara d
082 1 4 _aط/ق/جزي
245 1 0 _aجزيرة القرود /
264 1 _aبيروت :
_bدار شهرزاد،
_c1979.
300 _a23ص : مص بالألوان
490 0 _aقصص ألف ليلة و ليلة
650 1 7 _aأدب الأطفال
942 _2ddc
_cBK
999 _c37053
_d37053